Statystyki dla Dawne flagi

Kliknij tutaj aby rozwiązać quiz!

Ogólne statystyki

  • Ten quiz został rozwiązany 9 573 razy
  • Średni wynik to 10 z 16

Statystyki odpowiedzi

Odpowiedź% Poprawnych
Stany Zjednoczone
96%
Imperium Koreańskie
91%
Związek Radziecki
90%
Chiny
82%
Bangladesz
77%
Francja
72%
NRD
69%
Teksas
56%
Kanada
53%
Etiopia
51%
Hiszpania
49%
Libia
48%
Republika Południowej Afryki
45%
Tybet
40%
Święte Cesarstwo Rzymskie
39%
Tajlandia
34%

Rozkład punktacji

Percentyl według liczby udzielonych odpowiedzi

Procent ludzi z każdym wynikiem

Twoja historia wyników

Nie rozwiązałeś tego quizu